000 01387nab a22002657a 4500
999 _c5972
_d5972
003 OSt
005 20260114153920.0
008 190605e xxu||||| |||| 00| 0 spa d
040 _cPJ
100 _aFernández, Diego
_96034
245 1 0 _aEmpleados, datos personales, intimidad y teletrabajo :
_bun abordaje multidisciplinario /
_cDiego Fernández, Diego S. Kelly.
260 _aCiudad Autónoma de Buenos Aires :
_bThomson Reuters La Ley,
_c2022.
300 _ap. 15-22
500 _aCita: TR LALEY AR/DOC/2435/2022.
505 _aSumario: I. Comentarios preliminares.— II. El derecho a la intimidad del trabajador y la facultad de control del empleador.— III. El teletrabajo como circunstancia objetiva que explica la necesidad de reforzar el control.— IV. Análisis desde la perspectiva de datos personales.— V. Conclusión.
505 _t¿Te interesa el texto completo? Solicitalo al correo: koha@justierradelfuego.gov.ar
650 0 _91316
_aDERECHO LABORAL
650 0 _92724
_aDERECHO A LA INTIMIDAD
650 0 _91570
_aDERECHOS DEL TRABAJADOR
650 0 _9615
_aDERECHOS Y GARANTIAS CONSTITUCIONALES
650 0 _96605
_aINFORMACIÓN SENSIBLE
700 _96806
_aKelly, Diego S.
773 0 _02711
_93168
_dCiudad Autónoma de Buenos Aires : Thomson Reuters La Ley, 1999-2002.
_tRevista de derecho del trabajo. Nº 5 - Septiembre 2022
942 _2udc
_cANA